Strategic management : A pratical approach (Record no. 167823)
[ view plain ]
| 000 -LEADER | |
|---|---|
| fixed length control field | 00396nam a2200145Ia 4500 |
| 008 - FIXED-LENGTH DATA ELEMENTS--GENERAL INFORMATION | |
| fixed length control field | 231217s9999 xx 000 0 und d |
| 041 ## - LANGUAGE CODE | |
| Language code of text/sound track or separate title | English |
| 082 ## - DEWEY DECIMAL CLASSIFICATION NUMBER | |
| Classification number | 658.4012 FLA;1 `R' |
| 100 ## - MAIN ENTRY--PERSONAL NAME | |
| Personal name | Flavel, Ron Williams, Joe |
| 245 #0 - TITLE STATEMENT | |
| Title | Strategic management : A pratical approach |
| 260 ## - PUBLICATION, DISTRIBUTION, ETC. | |
| Date of publication, distribution, etc. | 1996 |
| Name of publisher, distributor, etc. | Sydney : Prentice-Hall, |
| 300 ## - PHYSICAL DESCRIPTION | |
| Extent | xi+301 |
| 650 ## - SUBJECT ADDED ENTRY--TOPICAL TERM | |
| Topical term or geographic name entry element | Strategic management |
| 942 ## - ADDED ENTRY ELEMENTS (KOHA) | |
| Koha item type | Books |
| Date last seen | Total checkouts | Full call number | Accession number | Date last checked out | Cost, total (INR) price | Price effective from | Category | Lost status | Damaged status | Department | Withdrawn status | Home library | Current library | Entry date | Vendor | Cost, normal purchase price | Grants | Billnumber | Billdate | Currency symbol | Conversion rate | Discount | Old discount |
|---|---|---|---|---|---|---|---|---|---|---|---|---|---|---|---|---|---|---|---|---|---|---|---|
| 12/06/2026 | 1 | 658.4012 FLA;1 `R' | 17543 | 29/05/2026 | 812.26 | 26/01/2024 | Books | Central Library | Central Library | RFID Kiosk | 24/04/2001 | Book Service Syndicate | 955.60 | MBA | 1751 | 04/02/2004 | RS | 1 | 143.34 | 15 |
